000 00308nam a22001457a 4500
008 210310b ||||| |||| 00| 0 eng d
020 _a9780324590999
041 _aeng
080 _22nd
_a91
082 _22nd
_a91
100 _a42
101 _aGJEO
245 _aGlobal Strategy
_cPENG
942 _2udc
_cBK
999 _c56129
_d56129